000
00317nam a2200121Ia 4500
008
191201s2019 xx 000 0 und d
100
_a
KHUSHWAHA, S.K.
245
0
_a
Essays in Honour of Bharat Ratna Baba Saheb Dr. B.R. Ambedkar
260
_a
N. Delhi
_b
Ku
300
_a
143
650
_a
General Books
942
_2
ddc
_c
BK
999
_c
713
_d
713